Connectist: Istanbul University Journal of Communication Sciences

Enregistré dans:
Détails bibliographiques
Format: Publication en série
Langue:anglais
Publié: Istanbul Istanbul University
Tags: Ajouter un tag
Pas de tags, Soyez le premier à ajouter un tag!

MARC

LEADER 00000nls a2200000 4500
001 0247611
005 20220407095916.7
022 |a 1302-633X 
041 0 |a eng 
044 |a TR 
245 1 0 |a Connectist: Istanbul University  |b Journal of Communication Sciences 
264 1 |a Istanbul  |b Istanbul University